000 01428nam0a22002891 4500
001 v19\rc\1684851
005 20061002151327.5
035 _a(NLR Aleph) 004789927
090 _a4718286
_c4718286
100 _a20061002d1896 |||y0rusy50 ca
101 0 _arus
102 _aRU
105 _ay z |||||
200 1 _aОсобое мнение в Комиссию для составления проекта применения "Городового положения" к г. Новочеркасску
_f[Чл. Комис., губ. секр. А. Ежов]
210 _aНовочеркасск
_cОбл. В. Д. тип.
_dценз. 1896
215 _a9 с.
_d35
300 _aАвт. указан в конце текста
309 _aБез тит. л. и обл.
532 1 3 _aОсобое мнение в Комиссию для составления проекта применения Городового положения к г. Новочеркасску
700 1 _aЕжов
_bА. С.
_gАлександр Степанович
712 0 1 _aОбласть Войска Донского
_bКомиссия для составления проекта применения "Городового положения" к г. Новочеркасску
801 0 _aRU
_bNLR
_gpsbo
801 0 _aRU
_bRuMoRGB
_2psbo
801 1 _aRU
_bProSoft-M
_2rusmarc
852 _aNLR
_j37.25.5-6.28
942 _cBOOK
980 _aNB